Denitration and Desulfurization in Organic Synthesis

Saved in:
Bibliographic Details
Main Author: Čierna, Michaela (Author)
Other Authors: Jakubec, Pavol (Thesis advisor)
Format: Manuscript Book
Language:Slovak
English
Published: 2024
Subjects:
Online Access:http://is.stuba.sk/zp/portal_zp.pl?podrobnosti=165453
Tags: Add Tag
No Tags, Be the first to tag this record!

MARC

LEADER 00000ntm a22000003a 4500
001 stuzp82050
003 SK-STU
005 20240907210308.7
007 ta
008 150427s2015----xo-----f-mn---000-0-slo-d
040 |a STU  |b slo 
041 0 |a eng 
100 1 |a Čierna, Michaela  |u 048140  |4 aut  |U FCHPT Ústav organickej chémie, katalýzy a petrochémie  |T FCHPT Oddelenie organickej chémie  |X 81899  |U C8140  |Y 124  |7 81899 
242 0 1 |a Denitrácie a desulfurizácie v organickej syntéze  |y slo 
245 1 0 |a Denitration and Desulfurization in Organic Synthesis 
260 |c 2024 
650 4 |a visible light  |2 eng 
650 4 |a silanes  |2 eng 
650 4 |a amines  |2 eng 
650 4 |a nitro compounds  |2 eng 
650 4 |a organosulfur compounds  |2 eng 
650 4 |a viditeľné svetlo  |2 slo 
650 4 |a silány  |2 slo 
650 4 |a amíny  |2 slo 
650 4 |a nitrozlúčeniny  |2 slo 
650 4 |a organosírne zlúčeniny  |2 slo 
700 1 |a Jakubec, Pavol  |u 048140  |k Z1  |4 ths  |U FCHPT Ústav organickej chémie, katalýzy a petrochémie  |T FCHPT Oddelenie organickej chémie  |X 4023  |U C8140  |Y 124  |7 A000004023 
856 4 |u http://is.stuba.sk/zp/portal_zp.pl?podrobnosti=165453